LEADER 01101cam2-2200361---450- 001 990002434350203316 005 20140304110157.0 035 $a000243435 035 $aUSA01000243435 035 $a(ALEPH)000243435USA01 035 $a000243435 100 $a20050614g----9999km-y0itay50------ba 101 0 $aita 102 $aIT 105 $ay|||||||001yy 200 1 $aTutte le opere di Carlo Cattaneo$fa cura di Luigi Ambrosoli 210 $aMilano$cMondadori 215 $avolumi$d18 cm 225 2 $a<> classici Mondadori 410 0$10010093836$12001$a<> classici Mondadori 676 $a945.083 700 1$aCATTANEO,$bCarlo$f<1801-1869>$0302721 702 1$aAMBROSOLI,$bLuigi 801 0$aIT$bsalbc$gISBD 912 $a990002434350203316 951 $aVI.3. Coll. 27/ 7/(V A Coll. 17/, V 7 A 1/)$bL.M., DSSS$cVI.3. Coll. 959 $aBK 969 $aUMA 979 $aDSSS1$b10$c20050614$lUSA01$h0944 979 $aDSSS1$b10$c20050627$lUSA01$h1045 979 $aANNAMARIA$b90$c20140304$lUSA01$h1101 996 $aTutte le opere di Carlo Cattaneo$998634 997 $aUNISA LEADER 01495nam2-2200409---450- 001 990003117070203316 005 20080930142155.0 010 $a978-3-540-78492-0 035 $a000311707 035 $aUSA01000311707 035 $a(ALEPH)000311707USA01 035 $a000311707 100 $a20080610d2008----km-y0itay50------ba 101 $aeng 102 $aDE 105 $ay---||||001yy 200 1 $aSPDE in hydrodynamic:recent progress and prospects$eLectures given at the C.I.M.E. summer school held in Cetraro, Italy, august 29-september 3, 2005$eEditors: Giuseppe Da Prato, Michael Rockner$fSergio Albeverio, Franco Flandoli, Yakov G. Sinai 210 $aBerlin [etc.]$cSpringer$dcopyr. 2008 215 $aVIII, 166 p.$d24 cm 225 2 $aLecture notes in mathematics$v1942 410 0$12001$aLecture notes in mathematics 461 1$1001000315290$12001$aLecture notes in mathematics 606 0 $aIdrodinamica$xCongressi$yCetraro$z2005 676 $a532.5 700 1$aALBEVERIO,$bSergio$044256 701 1$aFLANDOLI,$bFranco$0314270 701 1$aSINAI,$bYakov G.$044862 712 01$aC.I.M.E. summer school$f<2005;$eCetraro> 801 0$aIT$bsalbc$gISBD 912 $a990003117070203316 951 $a510 LNM 1942$b36773/CBS$c510$d00217318 959 $aBK 969 $aSCI 979 $aCBAS$b10$c20080610$lUSA01$h1019 979 $aANGELA$b90$c20080930$lUSA01$h1421 996 $aSPDE in hydrodynamic:recent progress and prospects$91020522 997 $aUNISA LEADER 02228nam0 2200481 i 450 001 CFI0130415 005 20251003044124.0 010 $a8815019413 020 $aIT$b90-7413 100 $a20190416d1988 ||||0itac50 ba 101 | $aita 102 $ait 181 1$6z01$ai $bxxxe 182 1$6z01$an 183 1$6z01$anc$2RDAcarrier 200 1 $aEconomia senza equilibrio$fNicholas Kaldor$gcon un profilo biografico di Luigi Pasinetti 210 $aBologna$cIl mulino$d\1988! 215 $a94 p.$d21 cm 225 | $aUniversale paperbacks Il mulino$v221 300 $aTrad. di Andrea Brandolini, Giorgio Gobbi. 410 0$1001CFI0000033$12001 $aUniversale paperbacks Il mulino$v221 500 10$aEconomics without equilibrium. -$3CFI0130752$9CFIV007649$934816 606 $aEconomia$xTeorie$2FIR$3CFIC002608$9E 676 $a330$9SCIENZE ECONOMICHE$v12 676 $a330$9SCIENZE ECONOMICHE$v19 676 $a330.1$9ECONOMIA. SISTEMI, SCUOLE, TEORIE$v23 676 $a330.155$9SCUOLE DI PENSIERO ECONOMICO. SCUOLE DIVERSE$v19 676 $a330.155$9Economia. Sistemi e teorie. Scuole di pensiero economico. Scuole varie$v21 696 $aEconomia reale$aAttivitą economiche$aAspetti economici 699 $aEconomia$yEconomia reale 699 $aEconomia$zAttivitą economiche 699 $aEconomia$zAspetti economici 700 1$aKaldor$b, Nicholas$3CFIV007649$4070$034198 801 3$aIT$bIT-000000$c20190416 850 $aIT-BN0095 $aIT-SA0060 $aIT-NA0079 901 $bNAP BN$cMISC. $nLa consegna dei documenti č effettuata dall'Ufficio Distribuzione 901 $bNAP 01$cPOZZO LIB.$nVi sono collocati fondi di economia, periodici di ingegneria e scienze, periodici di economia e statistica e altri fondi comprendenti documenti di economia pervenuti in dono. 901 $bNAP 27$cSALA $n$ 912 $aCFI0130415 950 0$aBiblioteca Centralizzata di Ateneo$c1 v.$d 01POZZO LIB.ECON MON 6315$e 0101 0070045275E VMA 1 v. (Vecchia collocazione 4 EC 527)$fB $h20220713$i20220713 977 $a 01$a 27$a BN 996 $aEconomics without equilibrium$934816 997 $aUNISANNIO